[Event "DM Eliteklassen 2026"]
[Site "Svendborg"]
[Date "2026.04.04"]
[Round "5.4"]
[White "Sandmann, Villads Majvang"]
[Black "Le Besq, Alexander"]
[Result "1-0"]
[WhiteElo "2223"]
[BlackElo "2286"]
[WhiteFideId "1472313"]
[BlackFideId "1437089"]
[EventDate "2026.03.31"]
[EventType "tourn"]
[EventRounds "7"]
[EventCountry "DEN"]
[SourceTitle "Live v. Kasper Jerwiarz"]

1. d4 d5 2. c4 c6 3. Nf3 Nf6 4. e3 Bf5 5. Nc3 e6 6. Nh4 Be4 7. f3 Bg6 8. Qb3 Qc7 9. Bd2 Be7 10. Nxg6 hxg6 11. O-O-O dxc4 12. Bxc4 b5 13. Bd3 a5 14. Kb1 O-O 15. g4 Na6 16. Rc1 Qb6 17. g5 Nd7 18. f4 Nb4 19. Be4 Rac8 20. Qd1 c5 21. h4 f5 22. h5 Kf7 23. hxg6+ Ke8 24. Bc2 Nxc2 25. Rxc2 Qc6 26. Bc1 Nb6 27. dxc5 Bxc5 28. Rh7 b4 29. Ne2 a4 30. Nd4 Qe4 31. Qf3 Qd3 32. Qe2 Qxe2 33. Rxe2 Bxd4 34. exd4 Kd7 35. Rxg7+ Kd6 36. Ra7 Rh8 37. g7 Rhg8 38. Bd2 b3 39. axb3 axb3 40. Bb4+ Kd5 41. Bc5 Nc4 42. Rd7+ Kc6 43. Rf7 Rce8 44. Rf8 Kd7 45. Rxe8 Kxe8 46. Bf8 Kf7 47. Rh2 Ne3 48. Rh8 Rxg7 49. Bxg7 Kxg7 50. Rh3 Nd5 51. Rf3 Kg6 52. Kc1 Kh5 53. Kd2 Kg4 54. Rf1 Ne7 55. Kc3 Kg3 56. Kxb3 Ng6 57. Kc4 Kg2 58. Re1 Nxf4 59. b4 Kf2 60. Re5 1-0

[Event "DM Eliteklassen 2026"]
[Site "Svendborg"]
[Date "2026.04.05"]
[Round "6.1"]
[White "Matthiesen, Martin"]
[Black "Sandmann, Villads Majvang"]
[Result "1-0"]
[WhiteElo "2292"]
[BlackElo "2223"]
[WhiteFideId "1404067"]
[BlackFideId "1472313"]
[EventDate "2026.03.31"]
[EventType "tourn"]
[EventRounds "7"]
[EventCountry "DEN"]
[SourceTitle "Live v. Kasper Jerwiarz"]

1. d4 Nf6 2. c4 e6 3. Nf3 d5 4. g3 dxc4 5. Bg2 a6 6. Ne5 Bb4+ 7. Nc3 Nd5 8. O-O Nb6 9. Nxc4 N8d7 10. Qb3 Qe7 11. Bf4 Nxc4 12. Qxc4 Bd6 13. Bxd6 cxd6 14. Rac1 O-O 15. Qc7 d5 16. e4 Qd8 17. Qxd8 Rxd8 18. exd5 Nf6 19. Rfe1 Rb8 20. Re5 exd5 21. Nxd5 Be6 22. Ne7+ Kf8 23. d5 Bd7 24. Ree1 Ne8 25. b3 Ra8 26. Nc6 bxc6 27. dxc6 Be6 28. c7 Nxc7 29. Rxc7 Rac8 30. Rxc8 Rxc8 31. Be4 g6 32. f4 Kg7 33. Kf2 a5 34. Re2 h5 35. Rc2 Rd8 36. Ke3 Rd1 37. Bf3 Ra1 38. Kd4 Kf6 39. Kc5 h4 40. Kb5 hxg3 41. hxg3 Kf5 42. Rb2 Rg1 43. Kxa5 Rxg3 44. Bc6 Kxf4 45. Kb4 Ke5 46. a4 Kd6 47. Bb5 g5 48. a5 Rg4+ 49. Bc4 Kc6 50. Rf2 Bxc4 51. bxc4 Rg1 52. Rf6+ Kc7 53. Rxf7+ Kc6 54. Rf6+ Kc7 55. Rg6 Rf1 56. Rxg5 Kc6 57. Rg6+ Kc7 58. Rg7+ Kc6 59. Rg6+ Kc7 60. Kb5 Rb1+ 61. Kc5 Ra1 62. Rg7+ Kb8 63. Kc6 Ra2 64. c5 Rh2 65. Rd7 Ra2 66. Re7 Ra1 67. Rd7 Ra2 68. Rd8+ Ka7 69. Kd6 Rd2+ 70. Kc7 Ra2 71. c6 Rxa5 72. Kd6 Ra6 73. Kd7 Ra1 74. c7 Rd1+ 75. Ke7 Re1+ 76. Kf6 1-0

[Event "DM Eliteklassen 2026"]
[Site "Svendborg"]
[Date "2026.04.05"]
[Round "6.2"]
[White "Rewitz, Poul"]
[Black "Hansen, Lars"]
[Result "0-1"]
[WhiteElo "2249"]
[BlackElo "2209"]
[WhiteFideId "1401033"]
[BlackFideId "1402528"]
[EventDate "2026.03.31"]
[EventType "tourn"]
[EventRounds "7"]
[EventCountry "DEN"]
[SourceTitle "Live v. Kasper Jerwiarz"]

1. b3 d5 2. Bb2 Nf6 3. e3 c6 4. Be2 h6 5. h3 Bf5 6. d3 e6 7. Nd2 Nbd7 8. Ngf3 Bd6 9. c4 Qe7 10. O-O O-O 11. Re1 e5 12. Bf1 e4 13. dxe4 dxe4 14. Nd4 Bg6 15. Ne2 Rad8 16. Qc2 Ne5 17. Bxe5 Qxe5 18. g3 Bb4 19. Rad1 Rd7 20. a3 Bxa3 21. Nb1 Bd6 22. Nbc3 Rfd8 23. Rd4 Bc5 24. Rxd7 Rxd7 25. Rd1 Rd3 26. Na4 Bb4 27. Nf4 Rxd1 28. Qxd1 Bf5 29. Qd8+ Kh7 30. Qd4 Qxd4 31. exd4 g5 32. Ne2 e3 33. fxe3 Bc2 34. Nc5 b6 35. Na6 Bd2 36. b4 Bxe3+ 37. Kh2 Bd3 38. Nb8 Bxc4 39. Nxc6 a6 40. Ne5 Bb5 41. Nxf7 Bd2 42. Nd6 Bd3 43. b5 axb5 44. Nc8 Nd7 0-1

[Event "DM Eliteklassen 2026"]
[Site "Svendborg"]
[Date "2026.04.05"]
[Round "6.3"]
[White "Hansen, Soren Bech"]
[Black "Sylvan, Jacob"]
[Result "0-1"]
[WhiteElo "2228"]
[BlackElo "2300"]
[WhiteFideId "1400681"]
[BlackFideId "1402137"]
[EventDate "2026.03.31"]
[EventType "tourn"]
[EventRounds "7"]
[EventCountry "DEN"]
[SourceTitle "Live v. Kasper Jerwiarz"]

1. e4 c5 2. Nf3 e6 3. d4 cxd4 4. Nxd4 a6 5. Nc3 b5 6. a3 Bb7 7. Bd3 Nc6 8. Nxc6 Bxc6 9. Qe2 Bc5 10. Be3 Qb6 11. Bxc5 Qxc5 12. O-O Ne7 13. Rae1 O-O 14. Qe3 Qxe3 15. Rxe3 e5 16. g3 f6 17. Rd1 Rfd8 18. Bf1 Rac8 19. Bh3 Kf7 20. Rd6 Rc7 21. Be6+ Ke8 22. Bb3 Nc8 23. Rd2 Nb6 24. f4 exf4 25. gxf4 Nc4 26. Bxc4 bxc4 27. Kf2 Kf7 28. Rd4 Rb8 29. Nd1 Bb5 30. Rh3 h6 31. Ke3 Rc5 32. Kd2 Re8 33. Kc3 Bc6 34. Nf2 d5 35. exd5 Bxd5 36. Nd1 Re2 37. Rd2 Rxd2 38. Kxd2 Be6 39. Rh4 Rd5+ 40. Ke1 Rd4 41. Ne3 f5 42. c3 Re4 43. Kd2 g5 44. Rxh6 Rxf4 45. Nd1 Rf1 46. Ke2 Rg1 47. Ne3 f4 48. Nf1 Rg2+ 49. Ke1 Bg4 50. Rh7+ Kg6 51. Re7 f3 52. Re4 Bh3 53. Re3 g4 54. Ng3 f2+ 55. Ke2 Rxg3 56. Kxf2 Rg2+ 57. Ke1 Rxh2 58. Re6+ Kf5 59. Rxa6 g3 60. Ra5+ Kf4 61. Ra8 Rh1+ 62. Ke2 Bg4+ 0-1

[Event "DM Eliteklassen 2026"]
[Site "Svendborg"]
[Date "2026.04.05"]
[Round "6.4"]
[White "Jorgensen, Brian Jorgen"]
[Black "Le Besq, Alexander"]
[Result "0-1"]
[WhiteElo "2206"]
[BlackElo "2286"]
[WhiteFideId "1401548"]
[BlackFideId "1437089"]
[EventDate "2026.03.31"]
[EventType "tourn"]
[EventRounds "7"]
[EventCountry "DEN"]
[SourceTitle "Live v. Kasper Jerwiarz"]

1. d4 e6 2. c4 f5 3. Nf3 Nf6 4. g3 b6 5. Bg2 Bb7 6. O-O Be7 7. d5 O-O 8. Nd4 Ne4 9. dxe6 c5 10. Nb5 a6 11. N5c3 Nxc3 12. Nxc3 Bxg2 13. Kxg2 dxe6 14. Qc2 Nc6 15. e3 Qd7 16. f4 Rad8 17. a3 Bf6 18. Rb1 Na5 19. Na4 Nxc4 20. Qxc4 b5 21. Qc2 bxa4 22. Rf2 Qd5+ 23. Kf1 Qb3 24. Qxb3 axb3 25. Bd2 Rd3 26. Re2 Rfd8 27. Ke1 c4 28. Bb4 c3 29. bxc3 Bxc3+ 30. Bxc3 Rxc3 31. e4 Kf7 32. exf5 exf5 33. Re5 Kf6 34. Rb2 Rd6 35. Kf2 Rdc6 36. Ree2 a5 37. a4 R6c4 38. Re3 Rc2+ 39. Re2 Rxb2 40. Rxb2 Rc2+ 0-1

[Event "DM Eliteklassen 2026"]
[Site "Svendborg"]
[Date "2026.04.06"]
[Round "7.1"]
[White "Le Besq, Alexander"]
[Black "Matthiesen, Martin"]
[Result "0-1"]
[WhiteElo "2286"]
[BlackElo "2292"]
[WhiteFideId "1437089"]
[BlackFideId "1404067"]
[EventDate "2026.03.31"]
[EventType "tourn"]
[EventRounds "7"]
[EventCountry "DEN"]
[SourceTitle "Live v. Kasper Jerwiarz"]

1. e4 c6 2. d4 d5 3. exd5 cxd5 4. c4 Nf6 5. Nc3 Nc6 6. Nf3 Bg4 7. cxd5 Nxd5 8. Qb3 Bxf3 9. gxf3 e6 10. Qxb7 Nxd4 11. Bb5+ Nxb5 12. Qc6+ Ke7 13. Qc5+ Nd6 14. Nxd5+ exd5 15. Qxd5 Qc8 16. O-O Qb7 17. Qe5+ Kd7 18. Rd1 Re8 19. Qh5 Re6 20. Bf4 Be7 21. Bxd6 Rxd6 22. Qxf7 Kc8 23. Re1 Bf6 24. Rac1+ Kb8 25. Qc4 Bd4 26. Re4 Rc8 27. Qf1 Bxf2+ 28. Kh1 Rxc1 29. Qxc1 Qd7 30. Qf4 Kb7 31. Qf8 Bb6 32. Re1 Rd1 33. Qb4 Qd3 34. Qe7+ Ka6 35. Kg2 Qg6+ 36. Kh3 Qf5+ 37. Kg2 Qg6+ 38. Kh3 Rd5 39. Qe2+ Qd3 40. Qxd3+ Rxd3 41. Kg4 Rd2 0-1

[Event "DM Eliteklassen 2026"]
[Site "Svendborg"]
[Date "2026.04.06"]
[Round "7.2"]
[White "Sandmann, Villads Majvang"]
[Black "Rewitz, Poul"]
[Result "0-1"]
[WhiteElo "2223"]
[BlackElo "2249"]
[WhiteFideId "1472313"]
[BlackFideId "1401033"]
[EventDate "2026.03.31"]
[EventType "tourn"]
[EventRounds "7"]
[EventCountry "DEN"]
[SourceTitle "Live v. Kasper Jerwiarz"]

1. e4 g6 2. d4 Bg7 3. Nc3 d5 4. exd5 Nf6 5. Bb5+ Nbd7 6. Nf3 O-O 7. O-O Nb6 8. Re1 Nbxd5 9. Nxd5 Qxd5 10. Be2 c6 11. h3 Bf5 12. Be3 Qa5 13. c4 Rad8 14. Qb3 Qc7 15. Rad1 Bc8 16. Bf1 b6 17. Qa3 Rfe8 18. b4 Ne4 19. Qc1 Nd6 20. Bf4 Qb7 21. Ne5 f6 22. Nf3 b5 23. c5 Nf7 24. Qc3 Qd7 25. d5 Qf5 26. Be3 Rxd5 27. Nd4 Qd7 28. Qb3 Rd8 29. Be2 e5 30. Nc2 f5 31. Kh2 Qe6 32. Qa3 Rxd1 33. Rxd1 Rxd1 34. Bxd1 Qd5 35. Be2 a6 36. Ne1 e4 37. g3 Bf6 38. Ng2 g5 39. Qa5 Bd8 40. Qa3 Bc7 41. Qc1 Qxa2 42. Bh5 Bd8 43. Bxf7+ Kxf7 44. Bxg5 Bc7 45. Bf4 Bxf4 46. Qxf4 Qe6 47. Ne3 Ke8 48. Kg2 Bd7 49. h4 h6 50. Kh2 Ke7 51. Ng2 Qf6 52. Qd2 Be8 53. Nf4 Bf7 54. Kg2 Qe5 55. Qc1 Qd4 56. Qa3 Bd5 57. Qa5 e3+ 58. f3 Qd2+ 59. Kh3 Bxf3 60. Qc7+ Kf6 61. Qd6+ Qxd6 62. cxd6 e2 63. Nd3 Ke6 64. d7 Bg4+ 65. Kg2 Kxd7 0-1

[Event "DM Eliteklassen 2026"]
[Site "Svendborg"]
[Date "2026.04.06"]
[Round "7.3"]
[White "Hansen, Lars"]
[Black "Hansen, Soren Bech"]
[Result "0-1"]
[WhiteElo "2209"]
[BlackElo "2228"]
[WhiteFideId "1402528"]
[BlackFideId "1400681"]
[EventDate "2026.03.31"]
[EventType "tourn"]
[EventRounds "7"]
[EventCountry "DEN"]
[SourceTitle "Live v. Kasper Jerwiarz"]

1. Nf3 c5 2. e3 g6 3. d4 Bg7 4. dxc5 Qa5+ 5. Bd2 Qxc5 6. Qc1 Nf6 7. c4 Ne4 8. Nc3 Nxd2 9. Qxd2 Qa5 10. Nd4 Nc6 11. Be2 O-O 12. Rd1 Nxd4 13. exd4 d6 14. O-O Bd7 15. Rfe1 Rfe8 16. a3 a6 17. Nd5 Qxd2 18. Rxd2 Rab8 19. Nb6 Red8 20. Bf3 Kf8 21. b4 e6 22. g3 Be8 23. Red1 Bf6 24. h4 h5 25. Kg2 Be7 26. d5 e5 27. a4 f5 28. Rc2 Bf7 29. a5 Kg7 30. Be2 Re8 31. c5 dxc5 32. bxc5 Bd8 33. d6 Be6 34. Bc4 Kf6 35. d7 Re7 36. Rd6 Bxb6 37. cxb6 Rd8 38. Rcd2 e4 39. Bd5 Rdxd7 40. Bxe6 Ke5 0-1

[Event "DM Eliteklassen 2026"]
[Site "Svendborg"]
[Date "2026.04.06"]
[Round "7.4"]
[White "Sylvan, Jacob"]
[Black "Jorgensen, Brian Jorgen"]
[Result "0-1"]
[WhiteElo "2300"]
[BlackElo "2206"]
[WhiteFideId "1402137"]
[BlackFideId "1401548"]
[EventDate "2026.03.31"]
[EventType "tourn"]
[EventRounds "7"]
[EventCountry "DEN"]
[SourceTitle "Live v. Kasper Jerwiarz"]

1. e4 e6 2. d4 d5 3. Nc3 Nf6 4. e5 Nfd7 5. f4 c5 6. Nf3 Nc6 7. Be3 a6 8. Qd2 b5 9. dxc5 Bxc5 10. Bd3 Qb6 11. Bf2 h6 12. O-O Bxf2+ 13. Qxf2 Qxf2+ 14. Kxf2 g5 15. g3 g4 16. Ng1 f6 17. exf6 Nxf6 18. Nge2 Bd7 19. Ke3 Ke7 20. Nd4 Nxd4 21. Kxd4 b4 22. Ne2 Kd6 23. a3 a5 24. axb4 axb4 25. b3 h5 26. Rh1 h4 27. Rxa8 Rxa8 28. h3 hxg3 29. hxg4 Nxg4 30. Nxg3 Rf8 31. Bh7 Rxf4+ 32. Kd3 Nf2+ 33. Ke3 Nxh1 34. Kxf4 Nxg3 35. Kxg3 Ke5 36. Kf3 Kd4 37. Ke2 Kc3 38. Kd1 e5 0-1